• 首页
  • 本馆介绍
  • 公告通知
  • 最新文献
  • 馆藏检索
  • 电子资源
  • 读者导购
  • 参考咨询
  • 我的图书馆
  • 登录
  • 详细信息显示
  • 放入我的书架
  • 预约/预借图书
  • 作者相关作品
  • 分类相关作品
  • 丛书相关作品
  • 出版社相关作品

书目信息

  • 表格格式
  • 工作单格式
  • 卡片格式
题名:
宪政论丛
    
 
作者: 张友渔 著
分册: 上册  
出版信息: 北京   群众出版社  1986.09
页数: 337页
开本: 20cm
丛书名:
单 册:
中图分类: D92-53
科图分类:
主题词: 法律--中国
电子资源:
ISBN:
000 00542nam0 2200205 45
001 0303061061
005 20040427171729.9
010    @dCNY7.50
091    @a6067.234
100    @a20030306d1986 km y0chiy0120 ea
101 0  @achi
105    @ac z 000yy
200 1  @a宪政论丛@AXian Zheng Lun Cong@h上册@f张友渔著@FZhang You Yu Zhu
210    @a北京@c群众出版社@d1986.09
215    @a337页@c肖像@d20cm
606 0  @a法律@x中国
690    @aD92-53@v3
701  0 @a张友渔@4著
801    @aCN@bTSTC@c20030306
905    @dD92-53@e121:1@b170330@f1
    
    宪政论丛.上册/张友渔著.-北京:群众出版社,1986.09
    337页:肖像;20cm
    
    
    ISBN :CNY7.50
    
●
相关链接 在E读中查询图书 在五车中查询图书 在当当中查询图书 在豆瓣中查询图书


正题名:宪政论丛     索取号:D92-53/121:1         预约/预借

序号 登录号 条形码 馆藏地/架位号 状态 备注
1 0170329   001759822   密集书库/ [索取号:D92-53/121:1] 在馆    
2 0170330   001250773   密集书库/ [索取号:D92-53/121:1] 在馆    
3 0170331   001250782   第一样本阅览室/ [索取号:D92-53/121:1] 在馆    
唐山师范学院图书馆 欢迎您!
大连网信软件有限公司© 版权所有